000 00789nam a22002177a 4500
008 090202t xxu||||| |||| 00| 0 eng d
010 _aENG-92758
020 _c85.00
035 _aEN-76291
037 _bDBAD / PUB
040 _adpl
_bEnglish
082 _a330.09
100 _aKamalakannan, R.
245 _aEconomic thought /
_cby R. Kamalakannan
260 _aChennai
_bCharu Publications
_c2008
270 _aNew #2, Old #122, Gothavari Street, Chinmayanagar,
_bChennai
_e600111
300 _a245p.
_c22cm (pbk)
650 _aEconomics
_xHistory.
942 _2ddc
_cEN
_mKAM
_h330.09
999 _c22869
_d22869